Histoire des relations internationales

Salvato in:
Dettagli Bibliografici
Autore principale: Renouvin, Pierre (Autore)
Natura: Libro
Lingua:francese
Pubblicazione: París Librairie Hachette 1953
Soggetti:
Tags: Aggiungi Tag
Nessun Tag, puoi essere il primo ad aggiungerne!!

MARC

LEADER 00000nam a2200000 a 4500
001 UCW9578
003 CL-VaPUC
008 890518e19530000FR |||||||||||||||||fre|d
082 0 4 |a 327  |b REN  |2 21 
100 0 |a Renouvin, Pierre  |e author  |9 314893 
245 1 0 |a Histoire des relations internationales 
300 |a 5 v 
942 |c BK 
945 |d 19890518 00:00:00 
260 |a París  |b Librairie Hachette  |c 1953 
500 |a v.1: Le Moyen Age 
500 |a v.2: Les Temps Modernes. I de Christophe Colomb a Cromwell 
500 |a v.3: Les Temps Modernes. II de Louis XIV a 1789 
500 |a v.4: La Revolution Francaise et l'empire Napoléonien 
500 |a v.5: Le XIXe siécle. I de 1815 a 1871 l'Europe des nationalités et l'eveil de nouveaux mondes 
650 0 |a Relaciones Internacionales  |9 255740 
650 0 |a Historia  |9 255047 
651 0 |a Francia  |9 255157 
583 |a last modification  |c 19890518 00:00:00  |k Rodrigo Vera 
999 |c 221510  |d 221508 
952 |0 0  |1 0  |4 0  |6 327_000000000000000_REN_1953  |7 0  |8 A  |9 214920  |a BIBHIS  |b BIBHIS  |d 2019-11-15  |h v.1  |i 2834812  |o 327 REN 1953  |p 2834812  |r 2025-01-20  |w 2019-11-15  |y BK  |k HIS 
952 |0 0  |1 0  |4 0  |6 327_000000000000000_REN_1953  |7 0  |8 A  |9 214921  |a BIBHIS  |b BIBHIS  |d 2019-11-15  |h v.2  |i 2834820  |o 327 REN 1953  |p 2834820  |r 2025-01-20  |w 2019-11-15  |y BK  |k HIS 
952 |0 0  |1 0  |4 0  |6 327_000000000000000_REN_1953  |7 0  |8 A  |9 214922  |a BIBHIS  |b BIBHIS  |d 2019-11-15  |h v.3  |i 2834839  |o 327 REN 1953  |p 2834839  |r 2025-01-20  |w 2019-11-15  |y BK  |k HIS 
952 |0 0  |1 0  |4 0  |6 327_000000000000000_REN_1953  |7 0  |8 A  |9 214923  |a BIBHIS  |b BIBHIS  |d 2019-11-15  |h v.4  |i 2834847  |o 327 REN 1953  |p 2834847  |r 2025-01-20  |w 2019-11-15  |y BK  |k HIS 
952 |0 0  |1 0  |4 0  |6 327_000000000000000_REN_1953  |7 0  |8 A  |9 214924  |a BIBHIS  |b BIBHIS  |d 2019-11-15  |h v.5  |i 2834855  |o 327 REN 1953  |p 2834855  |r 2025-01-20  |w 2019-11-15  |y BK  |k HIS